000 00497nam a2200193Ia 4500
008 170918s9999 xx 000 0 und d
020 _a9780590420570
050 _bM216 1990
100 _aMahy, Margaret
245 4 _aThe seven Chinese brothers /
245 _cMargaret Mahy ; illustrated by Jean and Mou-sien Tseng.
260 _aNew York :
260 _bScholastic,
260 _c1990
300 _aunpaged :
300 _bcolored illustration ;
300 _c20cm.
500 _a820
999 _c342135
_d342135